Score 0/20 Timer 03:00
1 Play Today
Song Missing Word % Correct
_____ or WhiteBlack
96.7%
A Whiter _____ of PaleShade
91%
White _____Christmas
79.4%
White _____Wedding
68.1%
Pretty _____ (For a White Guy)Fly
67.3%
_____ in White SatinNights
62.2%
White _____Rabbit
45.8%
White and _____Nerdy
34.4%
_____ White QueenSnow
33.2%
White _____Room
30.2%
Song Missing Word % Correct
_____ White BuffaloGreat
28.6%
White _____Flag
27.1%
White _____ PageBlank
20.2%
White _____Horse
16.5%
White _____Lightning
9.7%
White _____Riot
9%
White _____America
8.3%
Great Big White _____World
5.7%
White _____Sky
5.5%
Little White _____Doves
3.1%

Today's Daily Dose

You're not logged in!

Compare scores with friends on all Sporcle quizzes.
OR
Log In

Sporcle TV

Today on Sporcle TV


Watch our educational content, quiz creation guides, and fun videos on Sporcle TV.

Show Comments

Extras

Top Quizzes Today


Score Distribution

Your Account Isn't Verified!

In order to create a playlist on Sporcle, you need to verify the email address you used during registration. Go to your Sporcle Settings to finish the process.

Report this User

Report this user for behavior that violates our Community Guidelines.

Details: